| 000 | 00586nam a2200193 a 4500 | ||
|---|---|---|---|
| 001 | 5407 | ||
| 003 | CDMR | ||
| 005 | 20131212133918.0 | ||
| 008 | 130130s1972||||||||||||||||||||||||||||d | ||
| 040 |
_aCDMR _bcat _cCDMR |
||
| 245 | 0 |
_aPeriodismo de comunidad _b: [incomunicación social y marginalidad] : San José, Costa Rica : junio 20-26, 1971 |
|
| 260 |
_aQuito _c1972 _bCIESPAL |
||
| 300 |
_a274 p. _c26 cm |
||
| 490 | 0 |
_aCIESPAL _v60 |
|
| 650 | 0 | 4 |
_92799 _aPeriodisme _xAspectes socials |
| 650 | 0 | 4 |
_94236 _aMarginació social |
| 650 | 0 | 4 |
_93445 _aPeriodisme _xCongressos |
| 942 |
_cMON _2udc |
||
| 999 |
_c5407 _d5407 |
||